ბათუმის შოთა რუსთაველის სახელმწიფო უნივერსიტეტის ბიბლიოთეკა

ახალი ისტორია : (მეორე პერიოდი) : სახელმძღვ. სტუდ. / (ბიბ.ჩანაწერი № 56113)

000 -ლიდერი
ფიქსირებული სიგრძის საკონტროლო ველი 01146nam a2200241Ia 4500
001 - საკონტროლო ნომერი
საკონტროლო ველი 23214
003 - საკონტროლო ნომრის იდენტიფიკატორი
საკონტროლო ველი GE_BSU
005 - ბოლო ოპერაციის თარიღი და დრო
საკონტროლო ველი 20251013143425.0
008 - ფიქსირებული სიგრძის მონაცემთა ელემენტები - ზოგადი ინფორმაცია
ფიქსირებული სიგრძის საკონტროლო ველი 181216s1990||||ge |||||||||||||| ||geo||
040 ## - კატალოგიზაციის წყარო
Transcribing agency GE_BSU
041 ## - ენის კოდი
Language code of text/sound track or separate title geo
080 ## - უნივერსალური ათობითი კლასიფიკაციის ინდექსი
Universal Decimal Classification number 94(100)"15/18"(075.8) ა-36
245 ## - ცნობა სათაურის შესახებ
Title ახალი ისტორია : (მეორე პერიოდი) : სახელმძღვ. სტუდ. /
Statement of responsibility, etc რედ.: ვ. დონაძე, ნ. ნამორაძე.
264 ## - წარმოების, გამოცემის, დისტრიბუციის და სხვა ცნობები
გამოცემის, წარმოების, დისტრიბუციის... ადგილი თბილისი :
გამოცემის, წარმოების, დისტრიბუციის... სახელწოდება თბილ. უნ-ტის გამ-ბა,
გამოცემის, წარმოების, დისტრიბუციის... თარიღი 1990.
300 ## - ფიზიკური აღწერა
Extent 453 გვ. ;
Dimensions 22 სმ.
653 ## - INDEX TERM--UNCONTROLLED
Uncontrolled term ახალი ისტორია - სახელმძღვანელოები უმაღლესი სასწავლებლებისათვის;
653 ## - INDEX TERM--UNCONTROLLED
Uncontrolled term ახალი ისტორია : (მეორე პერიოდი)
653 ## - INDEX TERM--UNCONTROLLED
Uncontrolled term ისტორია
700 ## - ADDED ENTRY--PERSONAL NAME
Personal name დონაძე, ვ.
Relator term რედაქტორი
9 (RLIN) 26011
700 ## - ADDED ENTRY--PERSONAL NAME
Personal name ნამორაძე, ნ.
Relator term რედაქტორი
9 (RLIN) 2135
942 ## - ADDED ENTRY ELEMENTS (KOHA)
Koha item type წიგნი
Source of classification or shelving scheme
ეგზემპლარები
ჩამოწერის სტატუსი დაკარგული ეგზემპლარის სტატუსი კლასიფიკაციის წყარო ან თაროზე გაწყობის სქემა დაზიანების სტატუსი არ გაიცემა მუდმივი მდებარეობა (დაცვის ადგილი) ამჟამინდელი ადგილსამყოფელი თაროზე განთავსების ადგილი შეძენის თარიღი ღირებულება, შესყიდვის ნორმალური ფასი სრული შენახვის შიფრი შტრიხკოდი ბოლო ოპერაციის თარიღი ეგზემპლარის მიმდევრობითი ნომერი (კეტერი?) ფასის ძალაში შესვლის თარიღი ეგზემპლარის სახეობა საჯარო შენიშვნა
          ბათუმის შოთა რუსთაველის სახელმწიფო უნივერსიტეტის მთავარი ბიბლიოთეკა ბათუმის შოთა რუსთაველის სახელმწიფო უნივერსიტეტის მთავარი ბიბლიოთეკა წიგნსაცავი 2018-12-17 3.00 94(100) 28213 2018-12-17 28213 2018-12-17 წიგნი 3.00 ₾.